000 01577nam a2200265 i 4500
003 CSPC
005 20231122103128.0
008 231114s2020 ph 000 0 eng d
020 _a9789712396816
040 _cCSPC
_aCSPC
_beng
050 4 _aKPM1220
082 0 4 _a344.599
_bUn311l
100 1 _aUngos, Paulino D., Jr.,
_eauthor.
245 1 0 _aLabor law 2 :
_bthe law on labor relations /
_cPaulino D. Ungos Jr. and Paulino Q. Ungos III.
264 1 _aManila :
_bREX Book Store,
_c2020.
300 _axxxviii, 690 pages ;
_c24 cm.
336 _2rdacontent
_atext
337 _2rdamedia
_aunmediated
338 _2rdacarrier
_avolume
505 0 _aBook V: Labor relations -- Title I: Policy and definitions -- Title II: National labor relations commission -- Title III: Bureau of labor relations -- Title IV: Unfair labor practices -- Title VII: Collective bargaining and administration of agreements -- Title VIII: Strikes and lockouts and foreign involvement in trade union activities -- Title IX: Special provisions -- Book VI: Post employment -- Title I: Terminaltion of employment -- Title II: Retirement from the service -- Book VII: Transitory and final provisions -- Title I: Penal provisions and liabilities -- Title II: Prescription of offenses and claims -- Title III: Transitory and final provisions.
650 0 _aLabor laws and legislation
_zPhilippines.
700 1 _aUngos, Paulino Q., III,
_eauthor.
942 _2ddc
_cBK
_n0
_h344.599
_iUn311l
_kFIL
_m2020
999 _c26506
_d26506